Christianity Some non-christian appraisals

Gardado en:
Detalles Bibliográficos
Autor Principal: Mc Kain, David W.
Outros autores: Lawson Slater, Robert
Formato: Libro
Idioma:inglés
Publicado: Mc Graw Hill. 1964.
Subjects:
Tags: Engadir etiqueta
Sen Etiquetas, Sexa o primeiro en etiquetar este rexistro!

MARC

LEADER 00000nam a22000005a 4500
001 11669
003 CL-ChBUA
005 20120815103343.0
008 070301s1964 xxu 000 0 eng
040 |a CL-ChBUA  |c CL-ChBUA 
082 0 0 |a 290 
090 |c 11669  |d 11669 
100 1 |a Mc Kain, David W. 
245 1 0 |a Christianity Some non-christian appraisals 
260 |b Mc Graw Hill.  |c 1964. 
300 |a 289 p.  |c 20 cm.. 
650 4 |a RELIGIONES COMPARADAS. 
700 1 |a Lawson Slater, Robert. 
942 |c LIB 
952 |0 0  |1 0  |4 0  |7 0  |9 16774  |a UNACH  |b UNACH  |c 200  |d 2007-03-05  |i 5.346.  |l 0  |o 290 / Mc 153.  |p 17773  |r 2012-12-27 00:00:00  |u 16774  |w 2012-08-08  |y LIB  |k 290 / Mc 153. 
999 |c 11669  |d 11669